000 00707cam a2200241 4500
001 B2737
008 090401t1988 xxu||||| |||| 00| 0 eng d
035 _a(Sirsi) u51791
041 _aeng
050 _a692.9
110 _aJoint Contracts Tribunal
_93664
245 _aStandard forms of nominated sub-contract (NSC/4 and NSC/4a) 1980 ... amendment 5
260 _aLondon
_bBEC Publications
_c1988
300 _a19p. ; 30cm.
350 _a0.5
520 _aCopies of original contracts filed at JCT 1980/12A and JCT 1980/13A.
650 _aJCT STANDARD FROMS OF NOMINATED SUB-CONTRACT 1980
650 _aNSC4
650 _aNSC4A
650 _aSUBCONTRACTS
942 _n0
948 _c04/03/1997
999 _c92956
_d92956